| 000 | 00389pab a2200145 454500 | ||
|---|---|---|---|
| 008 | 180718b2003-04 xxu||||| |||| 00| 0 eng d | ||
| 100 | _aPegenato, Joseph A. | ||
| 245 | _aFederal workforce downsizing during the 1990s: a human capital disaster | ||
| 260 | _c2003-04 | ||
| 300 | _ap.26-31. | ||
| 362 | _aWinter | ||
| 650 | _aCivil service | ||
| 773 | _aPublic Manager | ||
| 909 | _a61540 | ||
| 999 |
_c61540 _d61540 |
||